Football Teams Moussa Sissoko Played For - Statistics

General Stats
  • This quiz has been taken 23 times
  • The average score is 4 of 6
Answer Stats
League Years Team % Correct
England 2016-2021 Tottenham Hotspur
95%
England 2013-2016 Newcastle United
68%
England 2021-2022 Watford FC
68%
France 2022- FC Nantes
58%
France 2007-2013 Toulouse FC
47%
France 2006-2007 Toulouse FC B
47%
No matching quizzes found
Score Distribution
Percent of People with Each Score
Percentile by Number Answered
Your Score History
You have not taken this quiz